1973 1559 1789 1293 1757 1368 1090 1841 1791 1221 1864 1228 1544 1225 1108 1289 1313 1359 1579 1603 1911 1464 1283 1735 1765 1324 1713 1640 1203 1994 1656 1393 1131 1070 1405 1046 1644 1316 1815 1000 1007 1207 1877 1977 1712 1392 1253 1336 1538 1095 1079 1258 1652 1651 1627 1044 1977 1353 1098 1934 1299 1178 1111 1938 1921 1593 1175 1723 1427 1293 1024 1688 1589 1854 1370 1498 1113 1223 1190 1876 1194 1111 1320 1197 1207 1802 1828 1232 1530 1104 1874 1571 1279 1212 1955 1582 1556 1519 1526 BCNSPRNW ULIB Ver.6.0+V

เปลี่ยนเป็นภาษาไทย

Change to English
 แสดงรายละเอียดบรรณานุกรม
  กลับหน้าหลัก

Brief Record : Get Marc (ISO 2709) : E-mail record : QR code < ปิดหน้าต่าง
LEADER : 00000nam a2200000Ia 4500
001    13399125425
003     ULIB
008    150429s2558 th a b 000 0 tha d
020    ^a9786163824127
060 04 ^aWY160^bค181
245 00 ^aความแข็งแกร่งในชีวิต :^bแนวคิดการประเมินและการประยุกต์ใช้ =Resilience : concept, assessment, and application /^cพัชรินทร์ นินทจันทร์, บรรณาธิการ
246 31 ^aResilience :^bconcept, Assessment, and Application
250    ^aพิมพ์ครั้งที่ 1
260    ^aกรุงเทพฯ :^bโรงเรียนพยาบาลรามาธิบดีคณะแพทยศาสตร์โรงพยาบาลรามาธิบดี มหาวิทยาลัยมหิดล,^c2558
300    ^a199 หน้า :^bภาพประกอบ ;^c21 ซม.
504    ^aบรรณานุกรม
650  2 ^aMental Health
650  2 ^aResilience, Psychological
650  2 ^aPsychiatric Nursing
650  4 ^aการพยาบาลจิตเวชศาสตร์
650  4 ^aจิตเวชศาสตร์^xการศึกษาและการสอน
650  4 ^aสุขภาพจิต^xการศึกษาและการสอน
653    ^aความแข์งแกร่งในชีวิต
700 0  ^aพัชรินทร์ นินทจันทร์,^eบรรณาธิการ
710 2  ^aมหาวิทยาลัยมหิดล.^bคณะแพยศาสตร์โรงพยาบาลรามาธิบดี.^bโรงเรียนพยาบาลรามาธิบดี
945    ^p199^l0^i24927
945    ^p199^l0^i24928
945    ^p199^l0^i24929
945    ^p199^l0^i24930
995    ^aกัณชพร
999    ^aกัณชพร
รายการนี้ยังไม่มีแท็ก
คุณยังไม่ได้ล็อกอิน คุณสามารถมีกิจกรรมร่วมกับเว็บไซต์ได้ แต่ต้องล็อกอินก่อน ::
  ล็อกอิน

รายการสื่อสารสนเทศ

ลำดับที่ ประเภท เลขเรียก/บาร์โค้ด สถานที่ สถานะ
1. หนังสือสำรอง
หนังสือสำรอง
สถานะ=หนังสือเก่า
WY160 ค181 ฉ.1 
  Barcode: 24927
ห้องสมุดวิทยาเขตนครสวรรค์
►ส่วนจัดเก็บหนังสือเก่า นว.
บนชั้น
  ขอยืม
2. วิทยาศาสตร์การแพทย์ และสุขภาพ
วิทยาศาสตร์การแพทย์ และสุขภาพ
สถานะ=หนังสือเก่า
WY160 ค181 ฉ.2 
  Barcode: 24928
ห้องสมุดวิทยาเขตนครสวรรค์
►ส่วนจัดเก็บหนังสือเก่า นว.
บนชั้น
  ขอยืม
3. วิทยาศาสตร์การแพทย์ และสุขภาพ
วิทยาศาสตร์การแพทย์ และสุขภาพ
สถานะ=หนังสือเก่า
WY160 ค181 ฉ.3 
  Barcode: 24929
ห้องสมุดวิทยาเขตนครสวรรค์
►ส่วนจัดเก็บหนังสือเก่า นว.
บนชั้น
  ขอยืม
4. วิทยาศาสตร์การแพทย์ และสุขภาพ
วิทยาศาสตร์การแพทย์ และสุขภาพ
สถานะ=หนังสือเก่า
WY160 ค181 ฉ.4 
  Barcode: 24930
ห้องสมุดวิทยาเขตนครสวรรค์
►ส่วนจัดเก็บหนังสือเก่า นว.
บนชั้น
  ขอยืม

รายการใกล้เคียง
    หัวเรื่อง [Mental Health]
    หัวเรื่อง [Psychiatric Nursing]
    หัวเรื่อง [การพยาบาลจิตเวชศาสตร์]

BibComment


ยังไม่เคยถูกคอมเมนท์

คอมเมนท์ทรัพยากรรายการนี้
  คอมเมนท์: ความแข็งแกร่งในช..


 Copyright 2026. Bcnsprnw @Library